000 01172nam0a22002651 4500
001 rc\4572382
005 20250612121932.0
021 _aRU
_b[62-80275]
035 _a(NLR Aleph) 008652216
090 _a9009239
_c9009239
100 _a20130416d1962 |||y0rusy50 ca
101 0 _arus
102 _aRU
105 _ay z |||||
200 1 _aХимия фенольных смол
_e(Образование, строение и реакции фенольных смол и родственных продуктов)
_e[Перевод]
_fГос. ком. Совета Министров СССР по химии. Упр. пластич. масс и синтетич. смол. Науч.-исслед. ин-т пластич. масс. Лаборатория науч.-техн. информации
210 _aМосква
_cБ. и.
_d1962
215 _a168 л.
_d32
320 _aБиблиогр. в конце глав
606 _aСмолы фенольные
_xХимия
_2psbo
700 1 _aМартин
_bР.В.
_f1916-
_gРоберт Вильям
801 0 _aRU
_bNLR
_gpsbo
801 1 _aRU
_bELAR
_2rusmarc
852 _aNLR
_j62-9/253
942 _cBOOK
980 _aNB